Syracuse Football: Top 10 All-Time Leaders - Statistics

General Stats
  • This quiz has been taken 9 times
  • The average score is 13 of 60
Answer Stats
Category # Player Amount % Correct
Passing Yards 4 Donovan McNabb 8,389
75%
Passing Yards 8 Kyle McCord 4,779
63%
Rushing Yards 9 Dee Brown 2,626
50%
Receiving Yards 2 Marvin Harrison 2,728
50%
Receiving Yards 10 Oronde Gadsden II 2,000
50%
Receiving Yards 9 Taj Harris 2,028
50%
Interceptions 3 Anthony Smith 14
38%
Tackles 5 Clifton Smith 405
38%
Passing Yards 5 Don McPherson 5,812
38%
Rushing Yards 7 Floyd Little 2,704
38%
Rushing Yards 5 Larry Csonka 2,934
38%
Rushing Yards 3 Sean Tucker 3,182
38%
Sacks 2 Dwight Freeney 34.0
25%
Passing Yards 1 Eric Dungey 9,340
25%
Passing Yards 6 Garrett Shrader 5,771
25%
Rushing Yards 1 Joe Morris 4,299
25%
Receiving Yards 8 Mike Williams 2,044
25%
Rushing Yards 10 Moe Neal 2,560
25%
Passing Yards 9 R.J. Anderson 4,698
25%
Receiving Yards 1 Steve Ishmael 2,891
25%
Receiving Yards 3 Alec Lemon 2,596
13%
Sacks T8 Alton Robinson 18.5
13%
Interceptions T4 Andre Cisco 13
13%
Tackles 4 Antwaune Ponds 442
13%
Interceptions T6 Avatus Stone 12
13%
Interceptions T6 Cliff Ensley 12
13%
Tackles 6 David Bavaro 402
13%
Rushing Yards 8 David Walker 2,639
13%
Rushing Yards 4 Delone Carter 3,104
13%
Tackles 7 Donovin Darius 379
13%
Interceptions T6 Donovin Darius 12
13%
Sacks 3 Duke Pettijohn 24.5
13%
Receiving Yards 7 Ervin Philips 2,069
13%
Tackles 9 Glen Young 361
13%
Rushing Yards 6 James Mungro 2,869
13%
Sacks 7 Jamie Kimmel 20.5
13%
Tackles 1 Jim Collins 624
13%
Interceptions 10 Jimmy Ridlon 11
13%
Tackles 8 Keith Bulluck 375
13%
Sacks 6 Kevin Mitchell 21.0
13%
Sacks T8 Louis Gachelin 18.5
13%
Interceptions 1 Markus Paul 19
13%
Sacks T4 Marlowe Wax 23.0
13%
Passing Yards 3 Marvin Graves 8,466
13%
Tackles 10 Mike Zunic 349
13%
Passing Yards 7 Perry Patterson 5,220
13%
Sacks 10 Rob Burnett 18.0
13%
Receiving Yards 5 Rob Moore 2,122
13%
Interceptions T6 Ron Hobby 12
13%
Tackles 3 Rudy Reed 536
13%
Passing Yards 2 Ryan Nassib 9,190
13%
Receiving Yards 6 Scott Schwedes 2,111
13%
Receiving Yards 4 Shelby Hill 2,296
13%
Sacks T4 Terry Wooden 23.0
13%
Sacks 1 Tim Green 45.5
13%
Interceptions 2 Tom Myers 18
13%
Tackles 2 Tony Romano 578
13%
Passing Yards 10 Troy Nunes 4,578
13%
Rushing Yards 2 Walter Reyes 3,424
13%
Interceptions T4 Walt Slovenski 13
13%
No matching quizzes found
Score Distribution
Percent of People with Each Score
Percentile by Number Answered
Your Score History
You have not taken this quiz